[Event "Europa ch Femenino 2013"]
[Site "Belgrado SER"]
[Date "2013.07.23"]
[Round "1.45"]
[White "Zarkovic, Mila"]
[Black "Schleining, Zoya"]
[Result "0-1"]
[WhiteElo "2070"]
[BlackElo "2368"]
[PlyCount "80"]
[EventDate "2013.07.23"]
[EventType "swiss"]
[EventRounds "11"]
[EventCountry "SER"]
[Source "lmi"]
[SourceDate "2013.07.22"]

1. e4 c5 2. Nf3 e6 3. d4 cxd4 4. Nxd4 Nc6 5. Nc3 Qc7 6. Be3 a6 7. f4 b5 8. Qf3
Bb7 9. Bd3 Nf6 10. O-O-O Rc8 11. Kb1 h5 12. h3 h4 13. Rhe1 Be7 14. Qf2 Nb4 15.
Rc1 d5 16. e5 Ne4 17. Bxe4 dxe4 18. a3 Nc6 19. Nxe4 Nxe5 20. Ng5 Bxg5 21. fxg5
Ng6 22. Nf5 Kf8 23. Bb6 Qc6 24. Nd4 Qxg2 25. Nxe6+ Kg8 26. Qd4 fxe6 27. Rxe6
Rc6 28. Re3 Kh7 29. Bd8 Rc4 30. Qd7 Qd5 31. Qxd5 Bxd5 32. Ba5 Rf8 33. Rd1 Be4
34. Bc3 Bf5 35. Rd6 a5 36. Rb6 Re4 37. Rxe4 Bxe4 38. Rxb5 Rf1+ 39. Ka2 a4 40.
Ra5 Bxc2 0-1

[Event "Europa ch Femenino 2013"]
[Site "Belgrado SER"]
[Date "2013.07.23"]
[Round "1.46"]
[White "Daulyte, Deimante"]
[Black "Korchagina, Viktoria"]
[Result "1-0"]
[WhiteElo "2363"]
[BlackElo "2068"]
[PlyCount "45"]
[EventDate "2013.07.23"]
[EventType "swiss"]
[EventRounds "11"]
[EventCountry "SER"]
[Source "lmi"]
[SourceDate "2013.07.22"]

1. e4 c5 2. Nc3 Nc6 3. Bb5 Nd4 4. Nf3 e6 5. O-O a6 6. Bd3 Ne7 7. b3 Nec6 8. Bb2
Be7 9. Nxd4 Nxd4 10. Ne2 Bf6 11. Nxd4 cxd4 12. f4 Qb6 13. e5 Be7 14. Qf3 d6 15.
Qf2 O-O 16. Bxd4 Qc7 17. exd6 Bxd6 18. Qg3 g6 19. Kh1 b5 20. Rae1 Bb7 21. Qg5
f5 22. Rxe6 Rf7 23. Qh6 1-0

[Event "Europa ch Femenino 2013"]
[Site "Belgrado SER"]
[Date "2013.07.23"]
[Round "1.47"]
[White "Visanescu, Daria-Ioana"]
[Black "Lomineishvili, Maia"]
[Result "0-1"]
[WhiteElo "2061"]
[BlackElo "2351"]
[PlyCount "62"]
[EventDate "2013.07.23"]
[EventType "swiss"]
[EventRounds "11"]
[EventCountry "SER"]
[Source "lmi"]
[SourceDate "2013.07.22"]

1. e4 c5 2. c3 Nf6 3. e5 Nd5 4. d4 cxd4 5. Nf3 e6 6. cxd4 b6 7. Nc3 Nxc3 8.
bxc3 Qc7 9. Bd2 Bb7 10. Bd3 d6 11. O-O Nd7 12. Re1 dxe5 13. Nxe5 Nxe5 14. Rxe5
Bd6 15. Rh5 g6 16. Rh4 O-O 17. Qe2 Rac8 18. Qe3 Rfe8 19. Bb5 Re7 20. Re1 f5 21.
Qh6 Be4 22. f3 Bd5 23. c4 Bxc4 24. Rc1 Bxb5 25. Rxc7 Rexc7 26. Rh5 Bc4 27. Qg5
Be7 28. Qg3 Bf6 29. Be3 Bxa2 30. h3 Rc3 31. Bf2 Bd5 0-1

[Event "Europa ch Femenino 2013"]
[Site "Belgrado SER"]
[Date "2013.07.23"]
[Round "1.48"]
[White "Kursova, Maria"]
[Black "Blagojevic, Tijana"]
[Result "1-0"]
[WhiteElo "2351"]
[BlackElo "2058"]
[PlyCount "89"]
[EventDate "2013.07.23"]
[EventType "swiss"]
[EventRounds "11"]
[EventCountry "SER"]
[Source "lmi"]
[SourceDate "2013.07.22"]

1. d4 d5 2. Nf3 Nf6 3. c4 c6 4. e3 Bf5 5. Nc3 e6 6. Nh4 Be4 7. f3 Bg6 8. Qb3
Qb6 9. Nxg6 hxg6 10. Bd2 Nbd7 11. Kf2 Qxb3 12. axb3 a6 13. Be2 Rc8 14. g4 Bd6
15. Kg2 g5 16. e4 dxe4 17. Bxg5 e5 18. dxe5 exf3+ 19. Bxf3 Nxe5 20. Rad1 Bc7
21. h3 Kf8 22. Be4 Nxe4 23. Nxe4 f6 24. Bf4 Ng6 25. Bxc7 Rxc7 26. Kg3 Ke7 27.
Rhe1 Ne5 28. Nc5 Re8 29. Re2 Kf7 30. h4 Rg8 31. Red2 Ke7 32. h5 b6 33. Ne4 Rd7
34. Rxd7+ Nxd7 35. Kf4 c5 36. Kf5 Ne5 37. Nc3 Rb8 38. g5 Nf3 39. Nd5+ Kf7 40.
g6+ Kf8 41. Kf4 Nd4 42. Re1 a5 43. h6 gxh6 44. Re7 f5 45. g7+ 1-0

[Event "Europa ch Femenino 2013"]
[Site "Belgrado SER"]
[Date "2013.07.23"]
[Round "1.49"]
[White "Cemhan, Kardelen"]
[Black "Manakova, Maria"]
[Result "0-1"]
[WhiteElo "2052"]
[BlackElo "2351"]
[PlyCount "132"]
[EventDate "2013.07.23"]
[EventType "swiss"]
[EventRounds "11"]
[EventCountry "SER"]
[Source "lmi"]
[SourceDate "2013.07.22"]

1. e4 c5 2. Nf3 Nc6 3. d4 cxd4 4. Nxd4 Nf6 5. Nc3 e5 6. Ndb5 d6 7. Bg5 a6 8.
Na3 b5 9. Nd5 Be7 10. Nxe7 Nxe7 11. Bxf6 gxf6 12. Bd3 Bb7 13. Qe2 d5 14. c3 Rg8
15. f3 Qb6 16. Nc2 Rd8 17. O-O-O b4 18. cxb4 d4 19. Kb1 Nc6 20. Qd2 Rb8 21. Bc4
Bc8 22. a3 a5 23. b5 Be6 24. Bxe6 Qxb5 25. Bxf7+ Kxf7 26. Ne1 Qa4 27. Rc1 Rb6
28. Ka1 Rgb8 29. Nd3 Rxb2 30. Qxb2 Rxb2 31. Kxb2 Qb5+ 32. Kc2 a4 33. Kd2 Na5
34. Rc7+ Kg6 35. h4 Nc4+ 36. Rxc4 Qxc4 37. Rc1 Qa2+ 38. Rc2 Qxa3 39. f4 exf4
40. Nxf4+ Kh6 41. Nd5 Qd6 42. Rc4 a3 43. Rxd4 a2 44. Ra4 Qg3 45. Nc3 Qxg2+ 46.
Kc1 Qg1+ 47. Kb2 Qf2+ 48. Kb3 Qxh4 49. Rxa2 Qg3 50. Kc4 Kg7 51. Ra7+ Kg6 52.
Nd5 Qf3 53. Re7 h5 54. Re8 h4 55. Rh8 Qxe4+ 56. Kc5 Kg7 57. Rg8+ Kf7 58. Rh8
Qc2+ 59. Kd6 Qh2+ 60. Kd7 Qh3+ 61. Kd6 Qg3+ 62. Kd7 Kg7 63. Re8 Qd3 64. Kc6 h3
65. Re3 Qc2+ 66. Kd6 h2 0-1

[Event "Europa ch Femenino 2013"]
[Site "Belgrado SER"]
[Date "2013.07.23"]
[Round "1.50"]
[White "Purtseladze, Maka"]
[Black "Utiatskaja, Irina"]
[Result "1-0"]
[WhiteElo "2349"]
[BlackElo "2047"]
[PlyCount "103"]
[EventDate "2013.07.23"]
[EventType "swiss"]
[EventRounds "11"]
[EventCountry "SER"]
[Source "lmi"]
[SourceDate "2013.07.22"]

1. d4 Nf6 2. c4 e6 3. Nc3 Bb4 4. e3 O-O 5. Nge2 Re8 6. a3 Bf8 7. e4 d6 8. Bg5
Be7 9. Qc2 Nbd7 10. f3 a6 11. Be3 Rb8 12. g4 e5 13. d5 Nf8 14. Ng3 c6 15. g5
N6d7 16. h4 Nb6 17. Qf2 Nfd7 18. Nf5 cxd5 19. Nxe7+ Rxe7 20. cxd5 Nc5 21. Bxc5
dxc5 22. Qxc5 Bd7 23. Rd1 Na4 24. Nxa4 Bxa4 25. Rc1 Bd7 26. Qd6 b5 27. b4 Rb6
28. Qc7 Re8 29. Qxd8 Rxd8 30. Bh3 Bxh3 31. Rxh3 a5 32. Rh2 axb4 33. axb4 h6 34.
Rhc2 Rdd6 35. Kf2 hxg5 36. hxg5 Ra6 37. Rc6 Ra2+ 38. Kg3 Rxc6 39. dxc6 Ra8 40.
Kg4 g6 41. Rc5 Rc8 42. c7 Kf8 43. f4 exf4 44. Kxf4 Ke8 45. Ke5 Ke7 46. Rc3 Kd7
47. Kf6 Ke8 48. e5 Kf8 49. Rd3 Kg8 50. Rc3 Kf8 51. e6 fxe6 52. Kxe6 1-0

[Event "Europa ch Femenino 2013"]
[Site "Belgrado SER"]
[Date "2013.07.23"]
[Round "1.51"]
[White "Azimova, Karina"]
[Black "Gvetadze, Sofio"]
[Result "0-1"]
[WhiteElo "2037"]
[BlackElo "2341"]
[PlyCount "158"]
[EventDate "2013.07.23"]
[EventType "swiss"]
[EventRounds "11"]
[EventCountry "SER"]
[Source "lmi"]
[SourceDate "2013.07.22"]

1. e4 c6 2. c4 g6 3. Nc3 Bg7 4. d4 d6 5. h3 Nd7 6. Nf3 Qc7 7. Bf4 e5 8. dxe5
dxe5 9. Be3 Ngf6 10. Be2 O-O 11. O-O Nh5 12. Qd2 Nf4 13. Rfd1 Re8 14. Rac1 Nf8
15. Qd6 Qxd6 16. Rxd6 N8e6 17. Rcd1 f6 18. Bf1 Bf8 19. R6d2 g5 20. a3 Ng7 21.
Na4 Be6 22. Nc5 Bxc5 23. Bxc5 g4 24. hxg4 Bxg4 25. Rc1 Nfe6 26. Be3 c5 27. b4
Rec8 28. Rd5 b6 29. bxc5 bxc5 30. Ne1 Rc6 31. g3 Nd4 32. Bxd4 exd4 33. Nd3 Rac8
34. e5 Be6 35. Bg2 fxe5 36. Rxe5 R6c7 37. Nf4 Bf7 38. Bd5 Rb8 39. Bxf7+ Kxf7
40. Nd3 Rb3 41. Nxc5 Rc3 42. Rd1 Rxc4 43. Ne4 Rc1 44. Rxc1 Rxc1+ 45. Kg2 Ne6
46. Ng5+ Nxg5 47. Rxg5 Ke6 48. Rg8 Kf5 49. Kf3 Rc3+ 50. Ke2 Rxa3 51. Rd8 Ke4
52. Re8+ Kd5 53. Rd8+ Kc4 54. Rc8+ Kb4 55. Rd8 Kc3 56. Rc8+ Kb2 57. Rd8 Kc3 58.
Rc8+ Kb4 59. Rd8 Kc5 60. Rc8+ Kb6 61. Rd8 Ra2+ 62. Kf3 Kc5 63. Rc8+ Kb4 64. Ke4
Rxf2 65. Kxd4 a5 66. Rc4+ Kb3 67. Rc3+ Kb2 68. Rc4 Rf3 69. Rc7 a4 70. Rxh7 a3
71. Kc4 a2 72. Rh2+ Ka3 73. Rh1 Rb3 74. g4 Rb1 75. Rh3+ Ka4 76. Rh8 Rb4+ 77.
Kd3 Kb3 78. Rh1 Rxg4 79. Rf1 Ra4 0-1

[Event "Europa ch Femenino 2013"]
[Site "Belgrado SER"]
[Date "2013.07.23"]
[Round "1.52"]
[White "Kashlinskaya, Alina"]
[Black "Milutinovic, Stefana"]
[Result "1-0"]
[WhiteElo "2334"]
[BlackElo "2035"]
[PlyCount "67"]
[EventDate "2013.07.23"]
[EventType "swiss"]
[EventRounds "11"]
[EventCountry "SER"]
[Source "lmi"]
[SourceDate "2013.07.22"]

1. d4 Nf6 2. c4 c5 3. d5 g6 4. Nc3 d6 5. g3 Bg7 6. Bg2 O-O 7. Nf3 e6 8. O-O
exd5 9. cxd5 a6 10. a4 Re8 11. Nd2 Nbd7 12. h3 Rb8 13. Nc4 Ne5 14. Na3 Nh5 15.
e4 Bd7 16. a5 b5 17. axb6 Bb5 18. Naxb5 axb5 19. Nxb5 Qxb6 20. Nc3 Qb3 21. Qe2
Nc4 22. Nd1 Bd4 23. Kh2 Rb7 24. Bg5 Nxb2 25. Rb1 Reb8 26. Nxb2 Bxb2 27. e5 dxe5
28. d6 Rb4 29. d7 f6 30. Bc1 Qa4 31. Rxb2 Qxd7 32. Rxb4 Rxb4 33. Be3 c4 34. Rd1
1-0

[Event "Europa ch Femenino 2013"]
[Site "Belgrado SER"]
[Date "2013.07.23"]
[Round "1.53"]
[White "Zivic, Radmila"]
[Black "Cosma, Elena-Luminita"]
[Result "0-1"]
[WhiteElo "2029"]
[BlackElo "2329"]
[PlyCount "62"]
[EventDate "2013.07.23"]
[EventType "swiss"]
[EventRounds "11"]
[EventCountry "SER"]
[Source "lmi"]
[SourceDate "2013.07.22"]

1. e4 e6 2. d4 d5 3. Nc3 Nf6 4. Bg5 Be7 5. e5 Nfd7 6. Bxe7 Qxe7 7. f4 a6 8. Nf3
c5 9. Qd2 Nc6 10. O-O-O O-O 11. dxc5 Nxc5 12. Bd3 b5 13. Qf2 f5 14. exf6 Nxd3+
15. cxd3 Qxf6 16. g3 b4 17. Na4 e5 18. Kb1 exf4 19. Nb6 fxg3 20. Qc5 g2 21.
Rhg1 Bg4 22. Nxa8 Bxf3 23. Nb6 Bxd1 24. Nd7 Bc2+ 25. Kc1 Qf1+ 26. Kxc2 Rf2+ 27.
Kb3 Qxd3+ 28. Ka4 Qc2+ 29. Qxc2 Rxc2 30. Kb3 Nd4+ 31. Kxb4 Nf3 0-1

[Event "Europa ch Femenino 2013"]
[Site "Belgrado SER"]
[Date "2013.07.23"]
[Round "1.54"]
[White "Rogule, Laura"]
[Black "Gueci, Tea"]
[Result "1-0"]
[WhiteElo "2329"]
[BlackElo "2018"]
[PlyCount "85"]
[EventDate "2013.07.23"]
[EventType "swiss"]
[EventRounds "11"]
[EventCountry "SER"]
[Source "lmi"]
[SourceDate "2013.07.22"]

1. c4 c5 2. Nc3 Nc6 3. Nf3 g6 4. g3 Bg7 5. Bg2 d6 6. O-O e6 7. a3 Nge7 8. Rb1
Rb8 9. b4 b6 10. e3 O-O 11. d4 d5 12. cxd5 exd5 13. bxc5 Ba6 14. Nb5 bxc5 15.
a4 c4 16. Qc2 Bxb5 17. axb5 Na5 18. Ba3 Re8 19. Nd2 Qd7 20. Qa4 Qd8 21. Bb4 Nb3
22. Nxb3 cxb3 23. Rxb3 Qd7 24. Bc5 Rb7 25. Ra1 Nc8 26. Qb4 Re6 27. Qc3 Nb6 28.
Bf1 f5 29. Rc1 Bf6 30. Qb4 Bd8 31. Rbc3 Kf7 32. Qb3 Kg7 33. Bg2 h5 34. Bxb6
Rexb6 35. Qxd5 Qxd5 36. Bxd5 Rd7 37. Bc6 Rf7 38. Ra1 h4 39. Rca3 hxg3 40. hxg3
Kf6 41. Rxa7 Bc7 42. R1a6 Rb8 43. Bd5+ 1-0

[Event "Europa ch Femenino 2013"]
[Site "Belgrado SER"]
[Date "2013.07.23"]
[Round "1.55"]
[White "Bejatovic, Bojana"]
[Black "Kochetkova, Julia"]
[Result "0-1"]
[WhiteElo "2002"]
[BlackElo "2328"]
[PlyCount "114"]
[EventDate "2013.07.23"]
[EventType "swiss"]
[EventRounds "11"]
[EventCountry "SER"]
[Source "lmi"]
[SourceDate "2013.07.22"]

1. d4 d5 2. Nf3 Nf6 3. e3 c5 4. b3 Nc6 5. Bb2 Bg4 6. Be2 e6 7. O-O cxd4 8. Nxd4
Bxe2 9. Qxe2 Bd6 10. f4 Nxd4 11. Bxd4 O-O 12. Nd2 Rc8 13. c4 Bc5 14. Bxc5 Rxc5
15. Rfd1 Qc7 16. Rac1 dxc4 17. Rxc4 b5 18. Rxc5 Qxc5 19. Nf3 Nd5 20. Nd4 b4 21.
Qd3 h6 22. g3 Nc3 23. Rd2 Rd8 24. Rc2 Qd5 25. Rf2 a5 26. Qc2 Qa8 27. Qd3 Ne4
28. Rc2 e5 29. fxe5 Ng5 30. Qf5 g6 31. Qg4 Qd5 32. Rc8 Rxc8 33. Qxc8+ Kg7 34.
h4 Qxe5 35. hxg5 Qxe3+ 36. Kh2 Qxd4 37. gxh6+ Kxh6 38. Qf8+ Qg7 39. Qc5 f5 40.
Qxa5 Qd4 41. Qa8 Kg5 42. Qe8 f4 43. Qe7+ Kg4 44. gxf4 Qxf4+ 45. Kg2 Qd2+ 46.
Kg1 Qc1+ 47. Kg2 Qb2+ 48. Kg1 Qb1+ 49. Kg2 Qxa2+ 50. Kg1 Qb1+ 51. Kg2 Qc2+ 52.
Kf1 Kf3 53. Qf6+ Qf5 54. Qc6+ Ke3+ 55. Kg1 Qf2+ 56. Kh1 Qf3+ 57. Qxf3+ Kxf3 0-1

[Event "Europa ch Femenino 2013"]
[Site "Belgrado SER"]
[Date "2013.07.23"]
[Round "1.56"]
[White "Charochkina, Daria"]
[Black "Kezele, Tamara"]
[Result "1-0"]
[WhiteElo "2326"]
[BlackElo "1994"]
[PlyCount "57"]
[EventDate "2013.07.23"]
[EventType "swiss"]
[EventRounds "11"]
[EventCountry "SER"]
[Source "lmi"]
[SourceDate "2013.07.22"]

1. e4 e6 2. Qe2 c5 3. Nf3 Nc6 4. g3 g6 5. d3 Bg7 6. e5 Nge7 7. Nbd2 Nf5 8. c3
d5 9. exd6 Nxd6 10. Ne4 Nxe4 11. dxe4 b6 12. Bg2 e5 13. O-O O-O 14. Nd2 Qc7 15.
f4 a5 16. f5 f6 17. Rf2 Ba6 18. Qg4 Qf7 19. Nf1 g5 20. Ne3 Ne7 21. Qd1 Rfd8 22.
Rd2 Rxd2 23. Qxd2 Bf8 24. Qd6 Nc8 25. Qd8 Bb7 26. Ng4 Kg7 27. Bxg5 fxg5 28. f6+
Kh8 29. Nh6 1-0

[Event "Europa ch Femenino 2013"]
[Site "Belgrado SER"]
[Date "2013.07.23"]
[Round "1.57"]
[White "Velikic, Adela"]
[Black "Klinova, Masha"]
[Result "1-0"]
[WhiteElo "1992"]
[BlackElo "2322"]
[PlyCount "102"]
[EventDate "2013.07.23"]
[EventType "swiss"]
[EventRounds "11"]
[EventCountry "SER"]
[Source "lmi"]
[SourceDate "2013.07.22"]

1. e4 e5 2. Nf3 Nc6 3. Bc4 Bc5 4. O-O Nf6 5. d4 Bxd4 6. Nxd4 Nxd4 7. Bg5 d6 8.
f4 Be6 9. fxe5 dxe5 10. Na3 Qe7 11. Bxf6 gxf6 12. c3 Nc6 13. Qf3 Bxc4 14. Nxc4
O-O-O 15. Qf5+ Kb8 16. b4 Rd3 17. Rac1 b5 18. Qxf6 Qxf6 19. Rxf6 bxc4 20. Rxc6
Rd2 21. Rf1 Rhd8 22. Rxf7 Rxa2 23. h3 Rdd2 24. Rg7 h5 25. h4 Rac2 26. Rxc4 a6
27. Kh2 Re2 28. Rcxc7 Rxe4 29. Rb7+ Kc8 30. Rgc7+ Kd8 31. Rh7 Rxh4+ 32. Kg1 Kc8
33. Rbg7 Rc1+ 34. Kf2 Rf4+ 35. Ke2 Rf8 36. Kd2 Rcf1 37. Rxh5 e4 38. Re5 Rd8+
39. Ke2 Rc1 40. Rc5+ Kb8 41. Rc4 Rc2+ 42. Ke3 Rd3+ 43. Kxe4 Rdxc3 44. Rxc3 Rxc3
45. Kd4 Rc1 46. g4 Rc2 47. g5 Rc1 48. g6 Rg1 49. Kc5 Rg4 50. Kc6 Ka8 51. b5 Kb8
1-0

[Event "Europa ch Femenino 2013"]
[Site "Belgrado SER"]
[Date "2013.07.23"]
[Round "1.58"]
[White "Mammadova, Gulnar"]
[Black "Egorova, Ayyyna"]
[Result "1-0"]
[WhiteElo "2322"]
[BlackElo "1991"]
[PlyCount "57"]
[EventDate "2013.07.23"]
[EventType "swiss"]
[EventRounds "11"]
[EventCountry "SER"]
[Source "lmi"]
[SourceDate "2013.07.22"]

1. e4 Nf6 2. e5 Nd5 3. d4 d6 4. Nf3 dxe5 5. Nxe5 c6 6. Bc4 Nd7 7. Nd3 g6 8. Bb3
Bg7 9. c4 N5b6 10. Be3 O-O 11. Nc3 Nf6 12. Ne5 Be6 13. Qe2 Qc7 14. O-O c5 15.
Nb5 Qb8 16. Nf3 cxd4 17. Bxd4 Qf4 18. Rfe1 Bg4 19. Be5 Bxf3 20. Bxf4 Bxe2 21.
Rxe2 Nfd7 22. g3 e5 23. Be3 a6 24. Nd6 Rab8 25. Rd1 h6 26. c5 Na8 27. Nxf7 Nf6
28. Nxe5+ Kh7 29. Bc2 1-0

[Event "Europa ch Femenino 2013"]
[Site "Belgrado SER"]
[Date "2013.07.23"]
[Round "1.59"]
[White "Khropova, Larisa"]
[Black "Ziaziulkina, Nastassia"]
[Result "0-1"]
[WhiteElo "1987"]
[BlackElo "2321"]
[PlyCount "80"]
[EventDate "2013.07.23"]
[EventType "swiss"]
[EventRounds "11"]
[EventCountry "SER"]
[Source "lmi"]
[SourceDate "2013.07.22"]

1. d4 d5 2. Nf3 e6 3. c4 c6 4. e3 Nf6 5. Nc3 Nbd7 6. Bd3 dxc4 7. Bxc4 b5 8. Bd3
Bd6 9. O-O O-O 10. a3 Bb7 11. Ng5 a5 12. Nge4 Nxe4 13. Nxe4 Be7 14. Qc2 h6 15.
Rd1 Qb6 16. Qe2 b4 17. Bd2 c5 18. dxc5 Nxc5 19. Nxc5 Bxc5 20. axb4 axb4 21. Qe1
Rxa1 22. Rxa1 Rd8 23. Be2 e5 24. Rd1 Qg6 25. Qf1 Be4 26. Bc1 Rxd1 27. Bxd1 Bd5
28. Be2 Bd6 29. Bd3 e4 30. Be2 Be5 31. Qd1 Qc6 32. Qd2 b3 33. g3 g6 34. Kg2 Kg7
35. h4 h5 36. Kf1 Be6 37. Ke1 Qc5 38. Kd1 Kh7 39. Ke1 Bh3 40. Bd1 Bc7 0-1

[Event "Europa ch Femenino 2013"]
[Site "Belgrado SER"]
[Date "2013.07.23"]
[Round "1.60"]
[White "Galojan, Lilit"]
[Black "Dizdarevic, Barbara"]
[Result "1-0"]
[WhiteElo "2320"]
[BlackElo "1981"]
[PlyCount "43"]
[EventDate "2013.07.23"]
[EventType "swiss"]
[EventRounds "11"]
[EventCountry "SER"]
[Source "lmi"]
[SourceDate "2013.07.22"]

1. d4 Nf6 2. Bg5 c5 3. Bxf6 exf6 4. e3 d5 5. Ne2 Nc6 6. Nbc3 c4 7. a3 a6 8. g3
b5 9. Bg2 Ne7 10. O-O Bb7 11. Nf4 Qd7 12. e4 dxe4 13. Nxe4 Bxe4 14. Bxe4 O-O-O
15. Bg2 g5 16. Qf3 Qa7 17. Nh5 f5 18. a4 g4 19. Qe2 Qxd4 20. axb5 Rd7 21. bxa6
Kb8 22. Rfd1 1-0

[Event "Europa ch Femenino 2013"]
[Site "Belgrado SER"]
[Date "2013.07.23"]
[Round "1.61"]
[White "Oliveira, Maria Ines"]
[Black "Arabidze, Meri"]
[Result "0-1"]
[WhiteElo "1978"]
[BlackElo "2320"]
[PlyCount "82"]
[EventDate "2013.07.23"]
[EventType "swiss"]
[EventRounds "11"]
[EventCountry "SER"]
[Source "lmi"]
[SourceDate "2013.07.22"]

1. e4 c5 2. Nf3 e6 3. d4 cxd4 4. Nxd4 a6 5. Nc3 Qc7 6. Bd3 Nf6 7. O-O Nc6 8.
Nxc6 dxc6 9. f4 e5 10. f5 Bc5+ 11. Kh1 h5 12. Be2 h4 13. Qd3 b5 14. Be3 Be7 15.
Bf3 Bb7 16. Rad1 b4 17. Nb1 c5 18. Nd2 Rc8 19. b3 Kf8 20. Bf2 h3 21. gxh3 Rxh3
22. Bg3 Rd8 23. Qe2 Rd4 24. Qg2 Rh7 25. Bf2 a5 26. Rfe1 Nd7 27. Nc4 a4 28. Bxd4
cxd4 29. Rd2 a3 30. Be2 Qd8 31. Rg1 Bg5 32. Rdd1 Bf4 33. h3 Nc5 34. Bf3 Qh4 35.
Rge1 Qxh3+ 36. Qxh3 Rxh3+ 37. Kg2 Rh2+ 38. Kf1 Rxc2 39. Ra1 Ba6 40. Re2 d3 41.
Ree1 Bg3 0-1

[Event "Europa ch Femenino 2013"]
[Site "Belgrado SER"]
[Date "2013.07.23"]
[Round "1.62"]
[White "Mikadze, Miranda"]
[Black "Jacimovic, Sara"]
[Result "1/2-1/2"]
[WhiteElo "2314"]
[BlackElo "1971"]
[PlyCount "106"]
[EventDate "2013.07.23"]
[EventType "swiss"]
[EventRounds "11"]
[EventCountry "SER"]
[Source "lmi"]
[SourceDate "2013.07.22"]

1. e4 e5 2. Nf3 Nc6 3. Bc4 Bc5 4. d3 Nf6 5. O-O O-O 6. Re1 d6 7. c3 a6 8. Bb3
Ba7 9. h3 h6 10. Nbd2 Nh5 11. Nf1 Qf6 12. Be3 Nf4 13. d4 g5 14. dxe5 dxe5 15.
N3h2 Qg6 16. Bxa7 Rxa7 17. Qf3 h5 18. Ne3 Kg7 19. Rad1 Ne7 20. Bc2 Rh8 21. Qg3
Ra8 22. Rd2 Be6 23. Nd5 h4 24. Qe3 Ng8 25. Nxc7 Rf8 26. Nxe6+ Qxe6 27. Bb3 Qe7
28. Ng4 Nf6 29. Nxf6 Qxf6 30. Bd1 Rd8 31. Bg4 Rxd2 32. Qxd2 Rd8 33. Qc2 Qb6 34.
Kh2 Nd3 35. Re2 Qf6 36. Kg1 Qf4 37. Bf3 Nxb2 38. Re3 Nc4 39. Rd3 Rxd3 40. Qxd3
Qc1+ 41. Kh2 b5 42. Qd8 Qf4+ 43. Kg1 Qc1+ 44. Kh2 Qf4+ 45. Kg1 Qd2 46. Qe7 Qc1+
47. Kh2 Qf4+ 48. Kg1 Nd2 49. Qd8 Nb1 50. Qc7 Qc1+ 51. Kh2 Qf4+ 52. Kg1 Qc1+ 53.
Kh2 Qf4+ 1/2-1/2

[Event "Europa ch Femenino 2013"]
[Site "Belgrado SER"]
[Date "2013.07.23"]
[Round "1.63"]
[White "Serefidou, Despina"]
[Black "Sedina, Elena"]
[Result "0-1"]
[WhiteElo "1971"]
[BlackElo "2313"]
[PlyCount "70"]
[EventDate "2013.07.23"]
[EventType "swiss"]
[EventRounds "11"]
[EventCountry "SER"]
[Source "lmi"]
[SourceDate "2013.07.22"]

1. e4 e6 2. d4 d5 3. Nc3 Nf6 4. e5 Nfd7 5. f4 c5 6. Nf3 Nc6 7. Be3 Be7 8. Qd2
O-O 9. Be2 b6 10. O-O f5 11. exf6 Nxf6 12. Ne5 Nxd4 13. Bxd4 cxd4 14. Nb5 Ne4
15. Qd3 Bf6 16. Nxd4 Qc7 17. Nb5 Qc5+ 18. Qd4 a6 19. Qxc5 bxc5 20. Nc3 Nxc3 21.
bxc3 Rb8 22. Rab1 Bxe5 23. fxe5 Rxf1+ 24. Rxf1 Rb2 25. Bg4 Bd7 26. c4 d4 27.
Rf3 Rxc2 28. Rd3 Kf7 29. Ra3 Rxc4 30. Rxa6 Ke7 31. Kf2 Rc2+ 32. Kg3 d3 33. Bd1
Rc1 34. Bf3 c4 35. Rd6 Ra1 0-1

[Event "Europa ch Femenino 2013"]
[Site "Belgrado SER"]
[Date "2013.07.23"]
[Round "1.64"]
[White "Videnova, Iva"]
[Black "Milanovic, Maja"]
[Result "1-0"]
[WhiteElo "2301"]
[BlackElo "1969"]
[PlyCount "73"]
[EventDate "2013.07.23"]
[EventType "swiss"]
[EventRounds "11"]
[EventCountry "SER"]
[Source "lmi"]
[SourceDate "2013.07.22"]

1. e4 c5 2. Nf3 e6 3. d4 cxd4 4. Nxd4 a6 5. Be2 Qc7 6. O-O Nf6 7. Nc3 Be7 8. f4
d6 9. a4 Nc6 10. Be3 Bd7 11. Nb3 b6 12. Kh1 h5 13. Bf3 Rc8 14. Qe2 Nb4 15. Rfd1
Bc6 16. Rd4 a5 17. Rc1 Qb7 18. Bf2 e5 19. Rd2 g6 20. Bh4 Ng4 21. Bxe7 Qxe7 22.
Bxg4 hxg4 23. Qxg4 Bd7 24. Qg3 Qe6 25. fxe5 dxe5 26. Rcd1 Bc6 27. Nd5 Bxd5 28.
exd5 Qd6 29. c3 Na6 30. Re2 Kd7 31. Qxe5 Rh5 32. Qxd6+ Kxd6 33. Rf2 f5 34. Re2
Nc7 35. Nd4 Kxd5 36. Nb5+ Kc6 37. Na7+ 1-0

[Event "Europa ch Femenino 2013"]
[Site "Belgrado SER"]
[Date "2013.07.23"]
[Round "1.65"]
[White "Panic, Anastasija"]
[Black "Tarasova, Viktoriya"]
[Result "0-1"]
[WhiteElo "1948"]
[BlackElo "2300"]
[PlyCount "102"]
[EventDate "2013.07.23"]
[EventType "swiss"]
[EventRounds "11"]
[EventCountry "SER"]
[Source "lmi"]
[SourceDate "2013.07.22"]

1. d4 Nf6 2. c4 e6 3. Nf3 Bb4+ 4. Bd2 Qe7 5. Nc3 b6 6. g3 Bb7 7. Bg2 O-O 8. O-O
d6 9. Rc1 Nbd7 10. a3 Bxc3 11. Bxc3 Be4 12. b4 c6 13. Bb2 Rfc8 14. Nd2 Bxg2 15.
Kxg2 e5 16. dxe5 dxe5 17. e4 Rd8 18. Qe2 c5 19. b5 Nf8 20. Rfe1 N6d7 21. Nf1
Ne6 22. Ne3 Nd4 23. Qf1 a6 24. Nd5 Qd6 25. Rc3 axb5 26. cxb5 Ra5 27. Rd3 Nxb5
28. f4 Nd4 29. Bxd4 exd4 30. Rb1 Kh8 31. Qf3 Ra6 32. Ne3 Qe6 33. Nd5 Nf6 34. f5
Qxe4 35. Rxb6 Rxb6 36. Nxb6 Qe1 37. Nc4 Nd5 38. a4 Kg8 39. a5 Qb4 40. Ne5 Qb2+
41. Kg1 Qb5 42. Rb3 Qe8 43. Nc4 Nb4 44. f6 Qe6 45. Qh5 Rd5 46. Qf3 Rd8 47. Qf4
Qxf6 48. Qc7 d3 49. Qxc5 d2 50. Nxd2 Rxd2 51. Rf3 Qd4+ 0-1

[Event "Europa ch Femenino 2013"]
[Site "Belgrado SER"]
[Date "2013.07.23"]
[Round "1.66"]
[White "Molchanova, Tatjana"]
[Black "Paramentic, Mila"]
[Result "1-0"]
[WhiteElo "2296"]
[BlackElo "1936"]
[PlyCount "59"]
[EventDate "2013.07.23"]
[EventType "swiss"]
[EventRounds "11"]
[EventCountry "SER"]
[Source "lmi"]
[SourceDate "2013.07.22"]

1. d4 d5 2. c4 e6 3. Nc3 Nf6 4. Bg5 Be7 5. e3 h6 6. Bxf6 Bxf6 7. Nf3 O-O 8. Bd3
b6 9. O-O c5 10. cxd5 exd5 11. e4 Be6 12. exd5 Bxd5 13. Nxd5 Qxd5 14. Re1 Nc6
15. Be4 Qd6 16. dxc5 Qxd1 17. Raxd1 Rac8 18. Rd6 Ne5 19. cxb6 Nc4 20. Rxf6 gxf6
21. bxa7 Nxb2 22. Nd4 Na4 23. Bb7 Rcd8 24. Nc6 Ra8 25. Bxa8 Rxa8 26. Rb1 Kg7
27. Rb8 Nb6 28. Rxb6 Re8 29. Rb1 f5 30. Nb8 1-0

[Event "Europa ch Femenino 2013"]
[Site "Belgrado SER"]
[Date "2013.07.23"]
[Round "1.68"]
[White "Rakic, Marija"]
[Black "Gjergji, Rozana"]
[Result "1-0"]
[WhiteElo "2294"]
[BlackElo "1917"]
[PlyCount "61"]
[EventDate "2013.07.23"]
[EventType "swiss"]
[EventRounds "11"]
[EventCountry "SER"]
[Source "lmi"]
[SourceDate "2013.07.22"]

1. d4 d5 2. c4 c6 3. cxd5 cxd5 4. Nc3 Nf6 5. Bf4 Nc6 6. e3 e6 7. Bd3 h6 8. Rc1
a6 9. h3 Bd6 10. Nge2 O-O 11. O-O Bxf4 12. Nxf4 Qd6 13. Qd2 Bd7 14. Bb1 Rac8
15. Nd3 b6 16. f3 Rfe8 17. Rfe1 e5 18. dxe5 Nxe5 19. Nxe5 Rxe5 20. Qf2 Rce8 21.
e4 dxe4 22. Nxe4 Nxe4 23. Bxe4 f5 24. Red1 Qe6 25. Bc2 Kh7 26. Bb3 Qe7 27. Rc7
Re1+ 28. Rxe1 Qxe1+ 29. Qxe1 Rxe1+ 30. Kf2 Re7 31. Bd5 1-0